|
|
|
|
| LEADER |
00000nam a2200000 a 4500 |
| 001 |
UCG0242 |
| 003 |
CL-VaPUC |
| 008 |
100318e20080000GW |||||||||||||||||spa|d |
| 020 |
|
|
|a 9783822854723
|
| 082 |
0 |
4 |
|a 759.07
|b LOR
|2 21
|
| 100 |
|
|
|a Lorenz, Ulrike
|e autora
|9 557667
|
| 245 |
1 |
0 |
|a Brücke
|
| 300 |
|
|
|a 96 p
|
| 942 |
|
|
|c BK
|
| 945 |
|
|
|d 20100318 00:00:00
|a rbrito
|
| 260 |
|
|
|a Colonia
|b Taschen
|c 2008
|
| 650 |
|
7 |
|a PINTORES ALEMANES CONTEMPORANEOS
|2 CL-VaPUC
|9 547581
|
| 650 |
|
7 |
|a PINTURA ALEMANA CONTEMPORANEA
|2 CL-VaPUC
|9 547582
|
| 650 |
|
0 |
|a Arte moderno
|9 265333
|
| 651 |
|
0 |
|a Alemania
|9 255688
|
| 583 |
|
|
|a last modification
|c 20121105 04:33:08
|k Rodrigo Vera
|
| 999 |
|
|
|c 339930
|d 339928
|
| 952 |
|
|
|0 0
|1 0
|4 0
|6 759_070000000000000_LOR_2008
|7 0
|8 A
|9 434195
|a BIBARQ
|b BIBARQ
|d 2019-11-22
|i 4651782
|o 759.07 LOR 2008
|p 4651782
|r 2025-01-20
|w 2019-11-22
|y BK
|k ARQ
|